| Tag |
First Indicator |
Second Indicator |
Subfields |
| LEADER |
00000cam a2200000Mi 4500 |
| 001 |
in00003577832 |
| 006 |
m o d |
| 007 |
cr mnu---uuaaa |
| 008 |
121227s1991 ne o 000 0 eng |
| 005 |
20260421165151.5 |
| 020 |
|
|
|a 9789401137782 (electronic bk.)
|
| 020 |
|
|
|a 9401137781 (electronic bk.)
|
| 020 |
|
|
|z 9789401056823
|
| 020 |
|
|
|z 940105682X
|
| 020 |
|
|
|z 9401137781
|
| 035 |
|
|
|a (OCoLC)851379975
|
| 040 |
|
|
|a AU@
|b eng
|e pn
|c AU@
|d GW5XE
|d OCLCQ
|d OCLCF
|d UtOrBLW
|
| 049 |
|
|
|a TXAM
|
| 050 |
|
4 |
|a R108
|
| 072 |
|
7 |
|a MBGL
|2 bicssc
|
| 072 |
|
7 |
|a MED047000
|2 bisacsh
|
| 082 |
0 |
4 |
|a 610.724
|2 23
|
| 100 |
1 |
|
|a James, J.
|
| 245 |
1 |
0 |
|a Biomedical Light Microscopy /
|c by J. James, H.J. Tanke.
|
| 264 |
|
1 |
|a Dordrecht :
|b Springer Netherlands,
|c 1991.
|
| 300 |
|
|
|a 1 online resource (ix, 192 pages)
|
| 336 |
|
|
|a text
|b txt
|2 rdacontent
|
| 337 |
|
|
|a computer
|b c
|2 rdamedia
|
| 338 |
|
|
|a online resource
|b cr
|2 rdacarrier
|
| 500 |
|
|
|a Electronic resource.
|
| 650 |
|
0 |
|a Medicine.
|
| 650 |
|
0 |
|a Medical laboratories.
|
| 650 |
|
0 |
|a Human anatomy.
|
| 650 |
|
0 |
|a Morphology (Animals)
|
| 650 |
|
7 |
|a Human anatomy.
|2 fast
|0 (OCoLC)fst00962785
|
| 650 |
|
7 |
|a Medical laboratories.
|2 fast
|0 (OCoLC)fst01014264
|
| 650 |
|
7 |
|a Medicine.
|2 fast
|0 (OCoLC)fst01014893
|
| 650 |
|
7 |
|a Morphology (Animals)
|2 fast
|0 (OCoLC)fst01026460
|
| 655 |
|
7 |
|a Electronic books.
|2 local
|
| 700 |
1 |
|
|a Tanke, H. J.
|
| 710 |
2 |
|
|a SpringerLink (Online service)
|
| 776 |
1 |
8 |
|i Print version:
|z 9789401056823
|
| 856 |
4 |
0 |
|u http://proxy.library.tamu.edu/login?url=https://link.springer.com/10.1007/978-94-011-3778-2
|z Connect to the full text of this electronic book
|t 0
|
| 994 |
|
|
|a 92
|b TXA
|
| 999 |
|
|
|a MARS
|
| 999 |
f |
f |
|s 514c7413-5130-3bd3-99cc-2b1e990243ee
|i 7fc0b2b8-b933-34b7-85da-89b04e41f464
|t 0
|
| 952 |
f |
f |
|a Texas A&M University
|b College Station
|c Electronic Resources
|s www_evans
|d Available Online
|t 0
|e R108
|h Library of Congress classification
|
| 998 |
f |
f |
|a R108
|t 0
|l Available Online
|